000 00509nam a2200169 i 4500
001 56332
003 ES-MaACL
005 20240208211723.0
007 t|
008 031007s1859 sp ||||1| spa d
245 0 0 _aDiccionario manual griego-latino-español /
_cdispuesto por los padres Escolapios.
260 _aMadrid :
_b[s.n.],
_c1859 (
_fTip. de las Escuelas Pías)
300 _a933 p. ;
_c23 cm.
650 0 4 _aDiccionarios políglotas
_911876
852 _aES-MaACL
_jA-4168
999 _c56332
_d56332